<?xml version="1.0" encoding="UTF-8"?>
<record
    xmlns:xsi="http://www.w3.org/2001/XMLSchema-instance"
    xsi:schemaLocation="http://www.loc.gov/MARC21/slim http://www.loc.gov/standards/marcxml/schema/MARC21slim.xsd"
    xmlns="http://www.loc.gov/MARC21/slim">

  <leader>01885nam a2200337   4500</leader>
  <controlfield tag="001">458</controlfield>
  <controlfield tag="003">OSt</controlfield>
  <controlfield tag="005">20260129075937.0</controlfield>
  <controlfield tag="008">250807b        |||||||j |||| 00| 1 eng d</controlfield>
  <datafield tag="020" ind1=" " ind2=" ">
    <subfield code="a">9788598078717</subfield>
  </datafield>
  <datafield tag="040" ind1=" " ind2=" ">
    <subfield code="b">por</subfield>
  </datafield>
  <datafield tag="041" ind1=" " ind2=" ">
    <subfield code="h">eng</subfield>
    <subfield code="a">por</subfield>
  </datafield>
  <datafield tag="082" ind1=" " ind2=" ">
    <subfield code="a">028.5</subfield>
    <subfield code="b">C874c</subfield>
  </datafield>
  <datafield tag="100" ind1="1" ind2=" ">
    <subfield code="a">Cowell, Cressida.</subfield>
    <subfield code="d">1819-1891</subfield>
  </datafield>
  <datafield tag="240" ind1=" " ind2=" ">
    <subfield code="a">How to Train Your Dragon</subfield>
  </datafield>
  <datafield tag="245" ind1=" " ind2=" ">
    <subfield code="a">Como Treinar o seu Drag&#xE3;o #1:</subfield>
    <subfield code="c">Cowell, Cressida. ;  Tradu&#xE7;&#xE3;o de Zampli, Raquel</subfield>
  </datafield>
  <datafield tag="260" ind1=" " ind2=" ">
    <subfield code="a">Rio de Janeiro</subfield>
    <subfield code="b">Intr&#xED;niseca</subfield>
    <subfield code="c">2014</subfield>
  </datafield>
  <datafield tag="300" ind1=" " ind2=" ">
    <subfield code="a">224 p.</subfield>
    <subfield code="b">il.</subfield>
  </datafield>
  <datafield tag="520" ind1=" " ind2=" ">
    <subfield code="a">Solu&#xE7;o Spantosicus Strondus III foi um extraordin&#xE1;rio her&#xF3;i viking. Chefe guerreiro, mestre no combate com espadas, era conhecido por todo o territ&#xF3;rio viking como "O encantador de drag&#xF5;es", devido ao poder que exercia sobre as terr&#xED;veis feras. Mas nem sempre foi assim...
Neste livro est&#xE3;o as mem&#xF3;rias da &#xE9;poca em que Solu&#xE7;o era apenas um garoto normal. Muito normal. Nem um pouco heroico. Ele precisava desesperadamente capturar e treinar um drag&#xE3;o, e teria de ser o animal mais impressionante de todos. Mas tudo o que conseguiu foi uma criaturinha pequena e banguela, nada amea&#xE7;adora. Foi ent&#xE3;o que seu destino de her&#xF3;i come&#xE7;ou a ser tra&#xE7;ado.

Inteiramente ilustrado, com muita a&#xE7;&#xE3;o e o tipo de humor que arranca gargalhadas at&#xE9; dos mais carrancudos, Como treinar o seu drag&#xE3;o &#xE9; o primeiro livro de uma s&#xE9;rie que &#xE9; sucesso mundial, escrita e ilustrada pela inglesa Cressida Cowell, autora premiada de obras infantis e infantojuvenis.</subfield>
  </datafield>
  <datafield tag="650" ind1=" " ind2="0">
    <subfield code="a">Literatura Inglesa</subfield>
    <subfield code="9">89</subfield>
  </datafield>
  <datafield tag="650" ind1=" " ind2="0">
    <subfield code="a">Infantojuvenil</subfield>
    <subfield code="9">200</subfield>
  </datafield>
  <datafield tag="650" ind1=" " ind2="0">
    <subfield code="a">Aventura</subfield>
    <subfield code="9">47</subfield>
  </datafield>
  <datafield tag="650" ind1=" " ind2="0">
    <subfield code="a">Drag&#xF5;es</subfield>
    <subfield code="9">991</subfield>
  </datafield>
  <datafield tag="650" ind1=" " ind2="0">
    <subfield code="a">Cl&#xE1;ssicos</subfield>
    <subfield code="9">77</subfield>
  </datafield>
  <datafield tag="650" ind1=" " ind2="0">
    <subfield code="a">Filme</subfield>
    <subfield code="9">26</subfield>
  </datafield>
  <datafield tag="655" ind1=" " ind2="0">
    <subfield code="a">Romance</subfield>
    <subfield code="9">23</subfield>
  </datafield>
  <datafield tag="655" ind1=" " ind2="0">
    <subfield code="a">Fic&#xE7;&#xE3;o </subfield>
    <subfield code="9">22</subfield>
  </datafield>
  <datafield tag="700" ind1=" " ind2=" ">
    <subfield code="a">Zampil, Raquel</subfield>
    <subfield code="e">TRADUTORA</subfield>
    <subfield code="9">898</subfield>
  </datafield>
  <datafield tag="830" ind1=" " ind2=" ">
    <subfield code="a">Como Treinar seu Drag&#xE3;o</subfield>
    <subfield code="9">993</subfield>
    <subfield code="v">vol. 1</subfield>
  </datafield>
  <datafield tag="942" ind1=" " ind2=" ">
    <subfield code="2">ddc</subfield>
    <subfield code="n">0</subfield>
    <subfield code="c">BK</subfield>
  </datafield>
  <datafield tag="952" ind1=" " ind2=" ">
    <subfield code="0">0</subfield>
    <subfield code="1">0</subfield>
    <subfield code="2">ddc</subfield>
    <subfield code="4">0</subfield>
    <subfield code="7">0</subfield>
    <subfield code="8">FIC</subfield>
    <subfield code="a">BIBIB</subfield>
    <subfield code="b">BIBIB</subfield>
    <subfield code="c">IJ</subfield>
    <subfield code="d">2025-08-07</subfield>
    <subfield code="e">doa&#xE7;&#xE3;o</subfield>
    <subfield code="l">0</subfield>
    <subfield code="o">IJ 028.5 / C874c</subfield>
    <subfield code="p">2025-17390</subfield>
    <subfield code="r">2025-08-07 08:29:36</subfield>
    <subfield code="w">2025-08-07</subfield>
    <subfield code="y">BK</subfield>
  </datafield>
  <datafield tag="999" ind1=" " ind2=" ">
    <subfield code="c">458</subfield>
    <subfield code="d">458</subfield>
  </datafield>
</record>
